000 00677nam a2200205Ia 4500
003 OSt
005 20230405104424.0
008 210423s2007 xx 000 0 und d
020 _a9781557665003
040 _cAL
041 _aeng
082 _a371.9 MATN
_223
100 _aMATHER (Nancy);GOLDSTEIN (Sam).
_983132
245 _aLearning disabilities and challenging behaviors: a guide to intervention and classroom management.
260 _aBaltimore
_bPaul H Brookes Publishing
_c2007
300 _axi,397
_bPB
365 _b2447
_cINR
906 _abehaviors: ; challenging ; classroom ; disabilities ; guide ; intervention ; Learning ; management.
942 _2ddc
_cBK
999 _c158694
_d158694